000 00520nam a22002057a 4500
001 29
003 KOHA_MİRAKIL
005 20230712105322.0
008 230712b tu ||||| |||| 00| 0 tur d
020 _a975-464-122-6
040 _aTR-AnANB
_btur
_cTR-AnANB
090 _aSözleşmeler-30
100 _aTuranboy, K. Nuri.
245 0 _aİbra Sözleşmesi /
_cK.Nuri Turanboy.
250 _a1.Basım
260 _aAnkara:
_bYetkin Yayınevi,
_c1998.
300 _a132 Sayfa
650 _aSözleşmeler
942 _2ddc
_cBK
999 _c29
_d29